000 00238 a2200097 4500
001 45532
100 _aChandler, T.J
245 _aModern meteorology and climatology an introduction
260 _aLondon
_bNelson
_c
090 _c28697
_d28697
942 _aNUST-CAE
_cM
_c20776
999 _c280605
_d280605